|
|
|
|
| LEADER |
00934cam a2200241 7i4500 |
| 001 |
0000036822 |
| 005 |
20220127090000.0 |
| 007 |
ta |
| 008 |
220126 |
| 040 |
|
|
|a MATR
|
| 090 |
0 |
0 |
|a M 678.2025
|b DIR
|
| 110 |
1 |
|
|a Malaysia Rubber Products Manufacturers Association (MRPMA)
|
| 245 |
2 |
0 |
|a Directory of Malaysian Rubber Industry 2020-2022.
|
| 264 |
|
1 |
|a Subang Jaya, Selangor:
|b Malaysia Rubber Products Manufacturers Association (MRPMA),
|c 2020.
|
| 300 |
|
|
|a 200 pages:
|b illustrations;
|c 30 cm.
|
| 336 |
|
|
|a text
|2 rdacontent
|
| 337 |
|
|
|a unmediated
|2 rdamedia
|
| 338 |
|
|
|a volume
|2 rdacarrier
|
| 504 |
|
|
|a Includes bibliographical references and index
|
| 650 |
|
0 |
|a Rubber industry and trade --
|x Directories --
|z Malaysia
|
| 650 |
|
0 |
|a Rubber products --
|x Directories --
|z Malaysia
|
| 999 |
|
|
|a 0000041718
|b Directories
|c Malaysia
|e Business Information Centre
|
| 999 |
|
|
|a 0000041717
|b Directories
|c Malaysia
|e Business Information Centre
|